| 000 | 00748cam a2200241K 4500 | ||
|---|---|---|---|
| 001 | 19367 | ||
| 003 | BD-RjUL | ||
| 005 | 20211209000425.0 | ||
| 008 | 140224r19271908enk o 000 1 eng d | ||
| 035 |
_a(BD-RjUL)19427 _a(OCoLC)ocn558179616 |
||
| 035 | _a(OCoLC)558179616 | ||
| 040 |
_aOCLCE _beng _cOCLCE _dOCLCQ |
||
| 041 | _aeng | ||
| 082 | 0 | 0 |
_a823.8 _bBRS 1927 |
| 100 | 1 |
_aBronte, Charlotte, _d1816-1855. _959560 |
|
| 245 | 1 | 0 |
_aShirley / _c Charlotte Bronte. |
| 260 |
_aLondon, _bDent; _aNew York, _bDutton _cc1908 [Reprinted 1927]. |
||
| 300 |
_axii, 511 p. ; _c19 cm. |
||
| 490 | 0 | _aEveryman's library, ed. by Ernest Rhys. Fiction [no. 288] | |
| 650 |
_aTextile industry _vFiction. _959561 |
||
| 942 |
_2ddc _cBK |
||
| 999 |
_c19367 _d19367 |
||